00617nam a22001937a 4500003000500000005001700005008004100022010001000063011001000073035001000083040000900093082001400102100012200116245006500238260004100303300001100344650004000355650002800395CHAP20220817043314.0971013s1956 r 00010 d a71222 a72194 a81748 cCHAP a331.7bC300aCámara Nacional de la Industria de la Transformación. México. Comisión Permanente de Planeación Industrial. aProceso ocupacionalb: un análisis del proceso en México aMéxico, D.F. :bLa Cámara,c1956 a211 p.14aMéxicoxCondiciones económicas.14aTrabajo y trabajadores.